|
|
|
|
| LEADER |
03199nam a2200505 4500 |
| 001 |
978-3-319-76962-2 |
| 003 |
DE-He213 |
| 005 |
20191220125826.0 |
| 007 |
cr nn 008mamaa |
| 008 |
180321s2018 gw | s |||| 0|eng d |
| 020 |
|
|
|a 9783319769622
|9 978-3-319-76962-2
|
| 024 |
7 |
|
|a 10.1007/978-3-319-76962-2
|2 doi
|
| 040 |
|
|
|d GrThAP
|
| 050 |
|
4 |
|a JC330.3
|
| 072 |
|
7 |
|a JPHL
|2 bicssc
|
| 072 |
|
7 |
|a POL025000
|2 bisacsh
|
| 072 |
|
7 |
|a JPHL
|2 thema
|
| 082 |
0 |
4 |
|a 324.22
|2 23
|
| 100 |
1 |
|
|a Gill, Graeme.
|e author.
|4 aut
|4 http://id.loc.gov/vocabulary/relators/aut
|
| 245 |
1 |
0 |
|a Collective Leadership in Soviet Politics
|h [electronic resource] /
|c by Graeme Gill.
|
| 250 |
|
|
|a 1st ed. 2018.
|
| 264 |
|
1 |
|a Cham :
|b Springer International Publishing :
|b Imprint: Palgrave Macmillan,
|c 2018.
|
| 300 |
|
|
|a X, 351 p.
|b online resource.
|
| 336 |
|
|
|a text
|b txt
|2 rdacontent
|
| 337 |
|
|
|a computer
|b c
|2 rdamedia
|
| 338 |
|
|
|a online resource
|b cr
|2 rdacarrier
|
| 347 |
|
|
|a text file
|b PDF
|2 rda
|
| 490 |
1 |
|
|a Palgrave Studies in Political Leadership
|
| 505 |
0 |
|
|a Chapter One. Introduction. The Study of Soviet Leadership -- Chapter Two. Oligarchy with a Predominant Leader, 1917-22 -- Chapter Three. Rule by Pure Oligarchy, 1923-29 -- Chapter Four. From the Predominant to the Dominant Leader, 1930-53 -- Chapter Five. The Limits of the Predominant Leader, 1953-64 -- Chapter Six. Predominant Leader within the Collective, 1964-82 -- Chapter Seven. Collectivism Collapses, 1982-91 -- Conclusion.
|
| 520 |
|
|
|a This book studies the way in which the top leadership in the Soviet Union changed over time from 1917 until the collapse of the country in 1991. Its principal focus is the tension between individual leadership and collective rule, and it charts how this played out over the life of the regime. The strategies used by the most prominent leader in each period - Lenin, Stalin, Khrushchev, Brezhnev and Gorbachev - to acquire and retain power are counterposed to the strategies used by the other oligarchs to protect themselves and sustain their positions. This is analyzed against the backdrop of the emergence of norms designed to structure oligarch politics. The book will appeal to students and scholars interested in the fields of political leadership, Soviet politics and Soviet history. .
|
| 650 |
|
0 |
|a Political leadership.
|
| 650 |
|
0 |
|a Russia-Politics and government.
|
| 650 |
|
0 |
|a World politics.
|
| 650 |
1 |
4 |
|a Political Leadership.
|0 http://scigraph.springernature.com/things/product-market-codes/911230
|
| 650 |
2 |
4 |
|a Russian and Post-Soviet Politics.
|0 http://scigraph.springernature.com/things/product-market-codes/911170
|
| 650 |
2 |
4 |
|a Political History.
|0 http://scigraph.springernature.com/things/product-market-codes/911080
|
| 710 |
2 |
|
|a SpringerLink (Online service)
|
| 773 |
0 |
|
|t Springer eBooks
|
| 776 |
0 |
8 |
|i Printed edition:
|z 9783319769615
|
| 776 |
0 |
8 |
|i Printed edition:
|z 9783319769639
|
| 776 |
0 |
8 |
|i Printed edition:
|z 9783030083359
|
| 830 |
|
0 |
|a Palgrave Studies in Political Leadership
|
| 856 |
4 |
0 |
|u https://doi.org/10.1007/978-3-319-76962-2
|z Full Text via HEAL-Link
|
| 912 |
|
|
|a ZDB-2-POS
|
| 950 |
|
|
|a Political Science and International Studies (Springer-41174)
|